LIBRARY & INFORMATION CENTRE, KCAET, TAVANUR

ONLINE PUBLIC ACCESS CATALOGUE (OPAC)

Algebra calculus and analytic geometry / (Record no. 3027)

MARC details
000 -LEADER
fixed length control field 01011cam a2200421ua 4500
041 ## - LANGUAGE CODE
Language code of text/sound track or separate title eng
082 ## - DEWEY DECIMAL CLASSIFICATION NUMBER
Classification number 512.14
Item number JAN/AL
100 ## - MAIN ENTRY--AUTHOR NAME
Personal name Janardhanan Pillai, C P .
245 ## - TITLE STATEMENT
Title Algebra calculus and analytic geometry /
250 ## - EDITION STATEMENT
Edition statement 4 /
260 ## - PUBLICATION, DISTRIBUTION, ETC. (IMPRINT)
Place of publication Ottapalam :
Name of publisher Ajith book centre ,
Year of publication 1985.
300 ## - PHYSICAL DESCRIPTION
Number of Pages 130 ; .
942 ## - ADDED ENTRY ELEMENTS (KOHA)
Koha item type Books
Holdings
Withdrawn status Lost status Damaged status Home library Current library Date acquired Full call number Accession Number Koha item type
      KAUAET KAUAET 17/03/1986 512.14 JAN/AL 15073 Books
      KAUAET KAUAET 17/03/1986 512.14 JAN/AL 15075 Books
      KAUAET KAUAET 17/03/1986 512.14 JAN/AL 15063 Books
      KAUAET KAUAET 02/10/1986 512.14 JAN/AL 14817 Books
      KAUAET KAUAET 17/03/1986 512.14 JAN/AL 15082 Books
      KAUAET KAUAET 17/03/1986 512.14 JAN/AL 15076 Books
      KAUAET KAUAET 17/03/1986 512.14 JAN/AL 15069 Books
      KAUAET KAUAET 17/03/1986 512.14 JAN/AL 15064 Books
      KAUAET KAUAET 02/10/1986 512.14 JAN/AL 14816 Books
      KAUAET KAUAET 17/03/1986 512.14 JAN/AL 15066 Books
      KAUAET KAUAET 17/03/1986 512.14 JAN/AL 15080 Books
      KAUAET KAUAET 17/03/1986 512.14 JAN/AL 15078 Books
      KAUAET KAUAET 17/03/1986 512.14 JAN/AL 15071 Books
      KAUAET KAUAET 17/03/1986 512.14 JAN/AL 15074 Books
      KAUAET KAUAET 17/03/1986 512.14 JAN/AL 15072 Books
      KAUAET KAUAET 17/03/1986 512.14 JAN/AL 15062 Books
      KAUAET KAUAET 17/03/1986 512.14 JAN/AL 15065 Books
      KAUAET KAUAET 17/03/1986 512.14 JAN/AL 15079 Books
      KAUAET KAUAET 17/03/1986 512.14 JAN/AL 15077 Books
Withdrawn     KAUAET Sanskrit University 17/03/1986 512.14 JAN/AL 15067 Books
Withdrawn     KAUAET Sanskrit University 17/03/1986 512.14 JAN/AL 15061 Books
free website counter